Microeconomía (Registro nro. 3989)
[ vista simple ]
| 000 -LEADER | |
|---|---|
| fixed length control field | 01642 a2200325 4500 |
| 001 - CONTROL NUMBER | |
| control field | 45769 |
| 005 - DATE AND TIME OF LATEST TRANSACTION | |
| control field | 20260407155729.0 |
| 008 - FIXED-LENGTH DATA ELEMENTS--GENERAL INFORMATION | |
| fixed length control field | 260407a1984 arg spa d |
| 003 - CONTROL NUMBER IDENTIFIER | |
| control field | AR-UNSa-BCEJYS |
| 040 ## - CATALOGING SOURCE | |
| Original cataloging agency | AR-UNSa-BCEJYS |
| Language of cataloging | spa |
| Transcribing agency | AR-UNSa-BCEJYS |
| 080 ## - UNIVERSAL DECIMAL CLASSIFICATION NUMBER | |
| Universal Decimal Classification number | 330.101.542 |
| Common auxiliary subdivision | Microeconomía |
| 020 ## - INTERNATIONAL STANDARD BOOK NUMBER | |
| International Standard Book Number | 978-84-206-8089-7 |
| 041 ## - LANGUAGE CODE | |
| Language code of text/sound track or separate title | spa |
| 100 1# - MAIN ENTRY--PERSONAL NAME | |
| Personal name | Gravelle, Hugh |
| 245 10 - TITLE STATEMENT | |
| Title | Microeconomía |
| 264 #1 - PRODUCTION, PUBLICATION, DISTRIBUTION, MANUFACTURE, AND COPYRIGHT NOTICE | |
| Place of production, publication, distribution, manufacture | Madrid : |
| Name of producer, publisher, distributor, manufacturer | Alianza Editorial |
| Date of production, publication, distribution, manufacture, or copyright notice | 1984 |
| 300 ## - PHYSICAL DESCRIPTION | |
| Extent | 664 p. |
| Dimensions | 23 cm. |
| 505 ## - FORMATTED CONTENTS NOTE | |
| Formatted contents note | 1. La naturaleza y el ámbito de la microeconomía – 2. Optimización – 3. La teoría del consumidor – 4. La teoría del consumidor: desarrollos y aplicaciones – 5. Modelos alternativos de comportamiento del consumidor – 6. La empresa – 7. Producción – 8. Costes – 9. Oferta – 10. La teoría de los mercados competitivos – 11. Monopolio – 12. Oligopolio – 13. Teorías alternativas de la empresa – 14. Mercados de factores productivos – 15. Inversión y consumo a lo largo del tiempo – 16. Equilibrio general – 17. Economía del bienestar – 18. Fallos de mercado y segundo optimo – 19. Elección en condiciones de incertidumbre – 20. Intercambio en condiciones de incertidumbre - |
| 590 ## - LOCAL NOTE (RLIN) | |
| Local note | niveau_biblio:m niveau_hierar:0 |
| 700 1# - ADDED ENTRY--PERSONAL NAME | |
| Personal name | Rees, Ray |
| 700 1# - ADDED ENTRY--PERSONAL NAME | |
| Personal name | Andrés, Javier |
| 700 1# - ADDED ENTRY--PERSONAL NAME | |
| Personal name | Caballero, Francisco |
| 700 1# - ADDED ENTRY--PERSONAL NAME | |
| Personal name | Orti, Angel |
| 700 1# - ADDED ENTRY--PERSONAL NAME | |
| Personal name | Soria, Rosa |
| 700 1# - ADDED ENTRY--PERSONAL NAME | |
| Personal name | Carbajo, José Carlos |
| 700 1# - ADDED ENTRY--PERSONAL NAME | |
| Personal name | Esteve, Fernando |
| 700 1# - ADDED ENTRY--PERSONAL NAME | |
| Personal name | Peraita, Carlos |
| 856 41 - ELECTRONIC LOCATION AND ACCESS | |
| Uniform Resource Identifier | <a href="https://www.biblioeco.unsa.edu.ar/pmb/images/libros/L127171.jpg">https://www.biblioeco.unsa.edu.ar/pmb/images/libros/L127171.jpg</a> |
| Link text | Imagen de portada |
| Electronic format type | image/jpeg |
| 942 ## - ADDED ENTRY ELEMENTS (KOHA) | |
| Koha item type | |
| Withdrawn status | Lost status | Damaged status | Not for loan | Home library | Current library | Shelving location | Date acquired | Total checkouts | Full call number | Barcode | Date last seen | Price effective from | Koha item type |
|---|---|---|---|---|---|---|---|---|---|---|---|---|---|
| Biblioteca Prof. Eusebio Cleto del Rey | Biblioteca Prof. Eusebio Cleto del Rey | 07/04/2026 | 330.101.542 G775 | L127171 | 07/04/2026 | 07/04/2026 | Libro |